Central Library OPAC University of Rajshahi

The Greek bucolic poets / (Record no. 26317)

MARC details
000 -LEADER
fixed length control field 01385cam a2200325 a 4500
001 - CONTROL NUMBER
control field 26317
003 - CONTROL NUMBER IDENTIFIER
rucl marc code BD-RjUL
005 - DATE AND TIME OF LATEST TRANSACTION
control field 20211209051011.0
008 - FIXED-LENGTH DATA ELEMENTS--GENERAL INFORMATION
fixed length control field 140322r19281912enk b 001 0 eng d
035 ## - SYSTEM CONTROL NUMBER
System control number (BD-RjUL)26387
040 ## - CATALOGING SOURCE
Original cataloging agency AKR
Transcribing agency AKR
Language of cataloging eng
Modifying agency BD-RjUL
041 1# - LANGUAGE CODE
Language code of text/sound track or separate title eng
-- grc
Language code of original grc
082 00 - DEWEY DECIMAL CLASSIFICATION NUMBER
Author mark and year GRE 1950
Classification number 881.0108
090 ## - LOCALLY ASSIGNED LC-TYPE CALL NUMBER (OCLC); LOCAL CALL NUMBER (OCLC)
Classification number (OCLC) (R) ; Classification number, CALL (RLIN) (NR) PA4442
Local cutter number (OCLC) ; Book number/undivided call number, CALL (RLIN) .A2 1928x
245 04 - TITLE STATEMENT
Title The Greek bucolic poets /
Statement of responsibility, etc. with an English translation by J.M. Edmonds.
250 ## - EDITION STATEMENT
Edition statement Rev. ed.
260 ## - PUBLICATION, DISTRIBUTION, ETC. (IMPRINT)
Place of publication, distribution, etc. London :
Name of publisher, distributor, etc. Heinemann ;
Place of publication, distribution, etc. Cambridge, Mass. :
Name of publisher, distributor, etc. Harvard University Press,
Date of publication, distribution, etc. 1928.
300 ## - PHYSICAL DESCRIPTION
Pagination xxviii, 526p. ;
Size 17 cm.
490 1# - SERIES STATEMENT
Series statement Loeb classical library ;
Volume/sequential designation 28
500 ## - GENERAL NOTE
General note "First printed 1912 ... reprinted and revised 1928; reprinted 1938, [etc.]".
General note The 1938 reprint includes "changes and additions in the light of the papyri and of the best recent work..."--p.viii
505 0# - FORMATTED CONTENTS NOTE
Formatted contents note Preface.--Introduction.--Bibliography (p. xxvii-xxviii)-- Introductory poems.--Theocritus I-XXX.--Theocritus inscriptions.--Bion.- -Moschus.--Megara.--The dead Adonis.--The pattern-poems.--Index of proper names.
650 #0 - SUBJECT ADDED ENTRY--TOPICAL TERM
Topical term or geographic name as entry element Greek poetry
Form subdivision Translations into English.
9 (RLIN) 66705
Topical term or geographic name as entry element Pastoral poetry, Greek.
9 (RLIN) 80912
700 1# - ADDED ENTRY--PERSONAL NAME
Personal name Edmonds, J. M.
Fuller form of name (John Maxwell)
Personal name T. E. Page
830 #0 - SERIES ADDED ENTRY--UNIFORM TITLE
Volume number/sequential designation 28.
830 #0 - SERIES ADDED ENTRY--UNIFORM TITLE
Uniform title Loeb classical library ;
942 ## - ADDED ENTRY ELEMENTS (KOHA)
Source of classification or shelving scheme Dewey Decimal Classification
Koha item type Books
Holdings
Lost status Source of classification or shelving scheme Damaged status Not for loan Collection code Permanent Location Current Location Shelving location Date acquired Source of acquisition Cost, normal purchase price Total Checkouts Full call number Date last seen Copy number Koha item type
  Dewey Decimal Classification   Added to bundle Non-fiction Central Library, University of Rajshahi Central Library, University of Rajshahi Reading Room 09/03/1955 Simphin Morshall 15.00   881.0108 GRE 1950 22/03/2014 C-1 Books